|
|
|
|
| LEADER |
00000nab a2200000 a 4500 |
| 001 |
vtls000843605 |
| 003 |
SK-MaSNL |
| 005 |
20260304021602.0 |
| 008 |
140402c2003 xo 0 slo |
| 015 |
|
|
|a SNBRB2003/08-24322
|
| 035 |
|
|
|a CLN000195260
|
| 040 |
|
|
|a SNKBUCL
|b slo
|c SNKBUCL
|e AACR2
|
| 041 |
0 |
|
|a slo
|
| 044 |
|
|
|a xo
|c SK
|
| 080 |
|
|
|a 616.379-008.64:615.874.24
|2 1997
|
| 100 |
1 |
|
|a Podmanická, Zuzana
|4 aut
|9 416543
|
| 245 |
1 |
0 |
|a Ako prekonať samého seba?
|b dôležitým faktorom je motivácia a najmä trpezlivosť
|c Zuzana Podmanická
|
| 300 |
|
|
|b Obr.
|
| 504 |
|
|
|a Res. slov.
|
| 650 |
0 |
7 |
|a diabetes mellitus
|x diagnostika
|x dietoterapia
|2 MESH
|9 1299652
|
| 650 |
0 |
7 |
|a strava a stravovanie
|x klasifikácia
|2 MESH
|9 1299653
|
| 650 |
0 |
7 |
|a motivácia
|2 MESH
|9 1779
|
| 650 |
0 |
7 |
|a pohyb
|x fyziológia
|2 MESH
|9 529223
|
| 650 |
0 |
7 |
|a diabetická diéta
|2 MESH
|9 87878
|
| 655 |
|
7 |
|a články z novín a časopisov
|2 snkbucl
|9 267496
|
| 773 |
0 |
|
|t Diabetik
|g Roč. 2, č. 2 (2003), s. 30-31
|x 1336-0426
|
| 850 |
|
|
|a Slovenská národná knižnica v Martine
|
| 852 |
|
|
|a SNK
|b KIS3GCP
|
| 958 |
|
|
|a MI
|
| 992 |
|
|
|a RBX
|
| 999 |
|
|
|c 2606721
|d 2608651
|